Gry z serii Five Nights at Freddy's - Statystyki

Ogólne statystyki
  • Ten quiz został rozwiązany 34 razy
  • Średni wynik to 9 z 12
Statystyki odpowiedzi
Rok Gra % Poprawnych
2014 Five Nights at Freddy's 1
100%
2014 Five Nights at Freddy's 2
100%
2015 Five Nights at Freddy's 3
100%
2015 Five Nights at Freddy's 4
100%
2016 Five Nights at Freddy's: Sister Location
93%
2021 Five Nights at Freddy's: Security Breach
75%
2019 Five Nights at Freddy's: Help Wanted
71%
2023 Five Nights at Freddy's: Help Wanted 2
68%
2017 Freddy Fazbear's Pizzeria Simulator
68%
2018 Ultimate Custom Night
64%
2025 Five Nights at Freddy's: Secret of the Mimic
61%
2019 FNaF AR: Special Delivery
25%
Nie znaleziono quizów pasujących do podanych kryteriów
Rozkład punktacji
Procent ludzi z każdym wynikiem
Percentyl według liczby udzielonych odpowiedzi
Twoja historia wyników
Nie rozwiązałeś tego quizu